[Event "IECC M1-2008.T33"]
[Site "IECC email"]
[Date "2008.04.02"]
[Round "?"]
[White "Amador, Gabriel"]
[Black "Dotti Contra, Alessandro"]
[Result "0-1"]
[WhiteElo "1130"]
[BlackElo "1117"]
[PlyCount "62"]
[EventDate "2008.??.??"]
[EventType "match (corr)"]
[EventRounds "2"]
[SourceTitle "Corr 2013"]
[Source "ChessBase"]
[SourceDate "2012.11.12"]
[SourceVersion "1"]
[SourceVersionDate "2012.11.12"]
[SourceQuality "1"]
[WhiteTeam "England"]
[BlackTeam "England"]
[WhiteTeamCountry "ENG"]
[BlackTeamCountry "ENG"]

1. d4 d5 2. c4 e6 3. Nc3 Nf6 4. Bg5 Be7 5. e3 0-0 6. Rc1 Nc6 7. Nf3 Bd7 8. Bxf6 Bxf6 9. cxd5 exd5 10. Nxd5 Be7 11. Nxe7+ Qxe7 12. d5 Nd8 13. Rxc7 Rc8 14. Rxc8 Bxc8 15. Qc2 Ne6 16. dxe6 Bxe6 17. b3 Qb4+ 18. Qd2 Qg4 19. Qd4 Qxd4 20. Nxd4 Bd5 21. f3 Be6 22. Nxe6 fxe6 23. Bc4 Rf6 24. 0-0 Kf7 25. Rd1 Ke8 26. Bb5+ Kf8 27. Rd8+ Kf7 28. Rd7+ Kf8 29. Rxb7 Rf7 30. Rxf7+ Kxf7 31. Kf2 h5 0-1

[Event "IECC KO-5065"]
[Site "IECC email"]
[Date "2008.02.26"]
[Round "?"]
[White "Kinna, Michael"]
[Black "Amador, Gabriel"]
[Result "1-0"]
[WhiteElo "1648"]
[BlackElo "1174"]
[PlyCount "43"]
[EventDate "2008.??.??"]
[EventType "match (corr)"]
[EventRounds "2"]
[SourceTitle "Corr 2013"]
[Source "ChessBase"]
[SourceDate "2012.11.12"]
[SourceVersion "1"]
[SourceVersionDate "2012.11.12"]
[SourceQuality "1"]
[WhiteTeam "Hungary"]
[BlackTeam "South Africa"]
[WhiteTeamCountry "HUN"]
[BlackTeamCountry "RSA"]

1. c4 c5 2. Nf3 Nf6 3. Nc3 Nc6 4. d4 cxd4 5. Nxd4 e5 6. Ndb5 d6 7. Nd5 Nxd5 8. cxd5 Qa5+ 9. Nc3 Nd4 10. e3 Nf5 11. Bd2 Bd7 12. Qb3 Qc7 13. Bd3 Ne7 14. Rc1 Rc8 15. Ne4 Qb8 16. Qxb7 Rxc1+ 17. Bxc1 Qxb7 18. Nxd6+ Kd8 19. Nxb7+ Kc7 20. Nc5 Nxd5 21. Nxd7 Kxd7 22. Bc4 1-0

[Event "IECC CL7-2008.02 email"]
[Site "IECC email"]
[Date "2008.02.22"]
[Round "?"]
[White "Buckle, Rodney"]
[Black "Amador, Gabriel"]
[Result "1-0"]
[WhiteElo "1228"]
[BlackElo "1294"]
[PlyCount "27"]
[EventDate "2008.??.??"]
[EventType "tourn (corr)"]
[EventRounds "4"]
[SourceTitle "Corr 2013"]
[Source "ChessBase"]
[SourceDate "2012.11.12"]
[SourceVersion "1"]
[SourceVersionDate "2012.11.12"]
[SourceQuality "1"]
[WhiteTeam "Nicaragua"]
[BlackTeam "US of America"]
[WhiteTeamCountry "NCA"]
[BlackTeamCountry "USA"]

1. e4 e5 2. Nf3 Nf6 3. Nxe5 d6 4. Nf3 Nxe4 5. d3 Nf6 6. Be2 Nc6 7. 0-0 Be7 8. Nc3 0-0 9. d4 Re8 10. d5 Nb4 11. a3 Na6 12. b4 b6 13. Bb5 Bd7 14. Bxa6 1-0

[Event "IECC CL7-2008.02 email"]
[Site "IECC email"]
[Date "2008.02.22"]
[Round "?"]
[White "Simmons, Ernest"]
[Black "Amador, Gabriel"]
[Result "0-1"]
[WhiteElo "1145"]
[BlackElo "1284"]
[PlyCount "50"]
[EventDate "2008.??.??"]
[EventType "tourn (corr)"]
[EventRounds "4"]
[SourceTitle "Corr 2013"]
[Source "ChessBase"]
[SourceDate "2012.11.12"]
[SourceVersion "1"]
[SourceVersionDate "2012.11.12"]
[SourceQuality "1"]
[WhiteTeam "Nicaragua"]
[BlackTeam "US of America"]
[WhiteTeamCountry "NCA"]
[BlackTeamCountry "USA"]

1. c4 c5 2. Nc3 Nc6 3. e3 g6 4. Nf3 Bg7 5. Be2 Nf6 6. 0-0 0-0 7. Re1 Re8 8. d3 a6 9. Bd2 e6 10. e4 d5 11. exd5 exd5 12. Bf1 Bg4 13. Rxe8+ Qxe8 14. Qe2 dxc4 15. dxc4 Bxf3 16. Qxf3 Rd8 17. Qf4 Rd4 18. Qe3 Qd7 19. Rd1 Ng4 20. Qe1 Rd6 21. h3 Bxc3 22. bxc3 Nge5 23. Be2 Nd3 24. Bxd3 Rxd3 25. Kh2 Na5 0-1

[Event "IECC CL7-2008.01 email"]
[Site "IECC email"]
[Date "2008.02.10"]
[Round "?"]
[White "Dal Bello, Alessandro"]
[Black "Amador, Gabriel"]
[Result "1/2-1/2"]
[WhiteElo "1074"]
[BlackElo "1132"]
[PlyCount "69"]
[EventDate "2008.??.??"]
[EventType "tourn (corr)"]
[EventRounds "4"]
[SourceTitle "Corr 2013"]
[Source "ChessBase"]
[SourceDate "2012.11.12"]
[SourceVersion "1"]
[SourceVersionDate "2012.11.12"]
[SourceQuality "1"]
[WhiteTeam "Nicaragua"]
[BlackTeam "US of America"]
[WhiteTeamCountry "NCA"]
[BlackTeamCountry "USA"]

1. d4 d5 2. c4 e6 3. Nf3 Nc6 4. Nc3 Be7 5. e3 Nf6 6. Be2 0-0 7. 0-0 Re8 8. Qc2 a6 9. Rb1 Nb4 10. Qb3 dxc4 11. Bxc4 Nbd5 12. e4 Nxc3 13. bxc3 Nxe4 14. Re1 Nf6 15. Bd3 b5 16. a4 Bb7 17. Ne5 Bd5 18. Qc2 c6 19. axb5 axb5 20. Bg5 Ra2 21. Rb2 Rxb2 22. Qxb2 h6 23. Bxf6 Bxf6 24. Be4 Bxe5 25. Bxd5 exd5 26. dxe5 Qe7 27. f4 Qc5+ 28. Kh1 Qc4 29. Qb4 Qxb4 30. cxb4 f6 31. g3 fxe5 32. fxe5 Kf7 33. Kg2 Kg6 34. Kf3 Kf5 35. g4+ 1/2-1/2

[Event "IECC M1-2008.T10"]
[Site "IECC email"]
[Date "2008.02.07"]
[Round "?"]
[White "Pattyn, Kurt"]
[Black "Amador, Gabriel"]
[Result "1-0"]
[WhiteElo "1057"]
[BlackElo "1053"]
[PlyCount "47"]
[EventDate "2008.??.??"]
[EventType "match (corr)"]
[EventRounds "2"]
[SourceTitle "Corr 2011"]
[Source "ChessBase"]
[SourceDate "2010.08.31"]
[SourceVersion "1"]
[SourceVersionDate "2010.08.31"]
[SourceQuality "1"]
[WhiteTeam "Belgium"]
[BlackTeam "Nicaragua"]
[WhiteTeamCountry "BEL"]
[BlackTeamCountry "NCA"]

1. e4 e5 2. Nf3 Nf6 3. Nc3 d6 4. h3 Be6 5. Bb5+ c6 6. Ba4 Be7 7. Ng5 0-0 8. Nxe6 fxe6 9. Bb3 d5 10. d3 Nbd7 11. 0-0 Nc5 12. f3 Nh5 13. Ne2 Nxb3 14. axb3 Bc5+ 15. Kh1 Qh4 16. exd5 exd5 17. Ra4 Qe7 18. Bd2 Rf7 19. c4 d4 20. Qe1 Bd6 21. g4 Nf4 22. Nxf4 exf4 23. Qf2 c5 24. Re1 1-0

[Event "IECC O-2741"]
[Site "IECC email"]
[Date "2008.01.29"]
[Round "?"]
[White "Jansen, Ruud"]
[Black "Amador, Gabriel"]
[Result "0-1"]
[WhiteElo "1210"]
[BlackElo "1117"]
[PlyCount "28"]
[EventDate "2008.??.??"]
[EventType "swiss (corr)"]
[EventRounds "2"]
[SourceTitle "Corr 2013"]
[Source "ChessBase"]
[SourceDate "2012.11.12"]
[SourceVersion "1"]
[SourceVersionDate "2012.11.12"]
[SourceQuality "1"]
[WhiteTeam "Australia"]
[BlackTeam "Canada"]
[WhiteTeamCountry "AUS"]
[BlackTeamCountry "CAN"]

1. e4 c5 2. Nf3 Nc6 3. d4 cxd4 4. Nxd4 g6 5. Nc3 Bg7 6. Be3 Nf6 7. Bb5 0-0 8. 0-0 a6 9. Bc4 d6 10. Nf3 Nd7 11. Ng5 Nde5 12. Qe2 Ng4 13. f3 Nxe3 14. Qxe3 Bd4 0-1

[Event "IECC M1-2007.R08"]
[Site "IECC email"]
[Date "2007.07.26"]
[Round "?"]
[White "Amador, Gabriel"]
[Black "Vainio, Juhani"]
[Result "0-1"]
[WhiteElo "1162"]
[BlackElo "1311"]
[PlyCount "30"]
[EventDate "2007.??.??"]
[EventType "tourn (corr)"]
[EventRounds "4"]
[SourceTitle "Corr 2020"]
[Source "ChessBase"]
[SourceDate "2019.09.30"]
[SourceVersion "1"]
[SourceVersionDate "2019.09.30"]
[SourceQuality "1"]
[WhiteTeam "Nicaragua"]
[BlackTeam "Finland"]
[WhiteTeamCountry "NCA"]
[BlackTeamCountry "FIN"]

1. d4 d5 2. c4 Nf6 3. Nc3 e6 4. Bg5 Be7 5. e3 0-0 6. Be2 b6 7. Nf3 Nbd7 8. 0-0 Bb7 9. b3 c5 10. cxd5 exd5 11. Rc1 a6 12. dxc5 Nxc5 13. Nd4 Nfe4 14. Bxe7 Qxe7 15. b4 Nxc3 0-1

[Event "IECC TH-M-2762"]
[Site "IECC email"]
[Date "2007.07.04"]
[Round "?"]
[White "Amador, Gabriel"]
[Black "Ratliff, Charles"]
[Result "0-1"]
[WhiteElo "1055"]
[BlackElo "1327"]
[PlyCount "24"]
[EventDate "2007.??.??"]
[EventType "tourn (corr)"]
[SourceTitle "Corr 2020"]
[Source "ChessBase"]
[SourceDate "2019.09.30"]
[SourceVersion "1"]
[SourceVersionDate "2019.09.30"]
[SourceQuality "1"]
[WhiteTeam "Nicaragua"]
[BlackTeam "United States"]
[WhiteTeamCountry "NCA"]
[BlackTeamCountry "USA"]

1. d4 d5 2. c4 Nc6 3. Nc3 dxc4 4. Nf3 Bg4 5. e3 Nf6 6. Bxc4 e6 7. 0-0 a6 8. d5 Bxf3 9. Qxf3 Ne5 10. Qe2 Nxc4 11. Qxc4 exd5 12. Qb3 Bd6 0-1

[Event "IECC TH-M-2762"]
[Site "IECC email"]
[Date "2007.07.04"]
[Round "?"]
[White "Ratliff, Charles"]
[Black "Amador, Gabriel"]
[Result "1-0"]
[WhiteElo "1329"]
[BlackElo "1049"]
[PlyCount "25"]
[EventDate "2007.??.??"]
[EventType "tourn (corr)"]
[SourceTitle "Corr 2020"]
[Source "ChessBase"]
[SourceDate "2019.09.30"]
[SourceVersion "1"]
[SourceVersionDate "2019.09.30"]
[SourceQuality "1"]
[WhiteTeam "United States"]
[BlackTeam "Nicaragua"]
[WhiteTeamCountry "USA"]
[BlackTeamCountry "NCA"]

1. d4 d5 2. c4 Nc6 3. Nc3 e6 4. Nf3 Bb4 5. Bf4 Nf6 6. e3 Ne4 7. Qc2 0-0 8. cxd5 exd5 9. Bd3 Bxc3+ 10. bxc3 Re8 11. 0-0 h6 12. Ne5 Nxe5 13. Bxe5 1-0

[Event "IECC M1-2007.R04"]
[Site "IECC email"]
[Date "2007.06.06"]
[Round "?"]
[White "Babcock, Chris"]
[Black "Amador, Gabriel"]
[Result "1-0"]
[WhiteElo "1051"]
[BlackElo "1177"]
[PlyCount "23"]
[EventDate "2007.??.??"]
[EventType "tourn (corr)"]
[EventRounds "4"]
[SourceTitle "Corr 2020"]
[Source "ChessBase"]
[SourceDate "2019.09.30"]
[SourceVersion "1"]
[SourceVersionDate "2019.09.30"]
[SourceQuality "1"]
[WhiteTeam "United States"]
[BlackTeam "Nicaragua"]
[WhiteTeamCountry "USA"]
[BlackTeamCountry "NCA"]

1. e4 e5 2. Nf3 Nc6 3. Nc3 Bc5 4. Nxe5 Bxf2+ 5. Kxf2 Nxe5 6. d4 Qf6+ 7. Kg1 Ng6 8. h4 N8e7 9. Bg5 Qb6 10. h5 Nf8 11. Bxe7 Kxe7 12. Nd5+ 1-0

[Event "IECC CL6-2007.07 email"]
[Site "IECC email"]
[Date "2007.06.05"]
[Round "?"]
[White "Manis, Ronald"]
[Black "Amador, Gabriel"]
[Result "1/2-1/2"]
[WhiteElo "1244"]
[BlackElo "1135"]
[PlyCount "66"]
[EventDate "2007.??.??"]
[EventType "tourn (corr)"]
[EventRounds "4"]
[SourceTitle "Corr 2011"]
[Source "ChessBase"]
[SourceDate "2010.08.31"]
[SourceVersion "1"]
[SourceVersionDate "2010.08.31"]
[SourceQuality "1"]
[WhiteTeam "Italy"]
[BlackTeam "Chile"]
[WhiteTeamCountry "ITA"]
[BlackTeamCountry "CHI"]

1. e4 e5 2. Nf3 Nf6 3. Nc3 Nc6 4. Nxe5 Nxe5 5. d4 Ng6 6. e5 Ng8 7. Bc4 d6 8. Qf3 Be6 9. Qxb7 Bxc4 10. Qc6+ Ke7 11. exd6+ cxd6 12. Qxc4 Nf6 13. 0-0 d5 14. Re1+ Kd6 15. Qc5+ Kd7 16. Qb5+ Kc7 17. Bg5 a6 18. Bxf6 axb5 19. Bxd8+ Rxd8 20. Nxb5+ Kb6 21. a4 Be7 22. Re2 Bf6 23. g3 Ne7 24. Rae1 Nc6 25. c3 Na7 26. Nxa7 Kxa7 27. Kg2 Rd7 28. f4 Rb8 29. g4 Rdb7 30. b4 Rc7 31. g5 Bd8 32. Re5 Rxc3 33. Rxd5 Kb6 1/2-1/2

[Event "IECC Swiss-525.1"]
[Site "IECC email"]
[Date "2007.06.01"]
[Round "?"]
[White "Amador, Gabriel"]
[Black "Wozniak, Zbigniew"]
[Result "0-1"]
[WhiteElo "1198"]
[BlackElo "1839"]
[PlyCount "46"]
[EventDate "2007.??.??"]
[EventType "swiss (corr)"]
[EventRounds "1"]
[SourceTitle "Corr 2011"]
[Source "ChessBase"]
[SourceDate "2010.08.31"]
[SourceVersion "1"]
[SourceVersionDate "2010.08.31"]
[SourceQuality "1"]
[WhiteTeam "Netherlands"]
[BlackTeam "Australia"]
[WhiteTeamCountry "NED"]
[BlackTeamCountry "AUS"]

1. Nf3 Nf6 2. g3 d5 3. Bg2 c6 4. d3 Bg4 5. 0-0 Nbd7 6. Nbd2 e5 7. e4 dxe4 8. dxe4 Bc5 9. Re1 Qb6 10. Qe2 0-0 11. Nb3 Nxe4 12. Qxe4 Bxf2+ 13. Kf1 Nf6 14. Qe2 Bxe1 15. Qxe1 e4 16. Nfd4 c5 17. Ne2 c4 18. Nd2 Be6 19. Nf4 Ng4 20. Bxe4 Rfe8 21. Nxe6 Rxe6 22. Nxc4 Qc5 23. Qe2 Rxe4 0-1

[Event "IECC M2-2007.T16"]
[Site "IECC email"]
[Date "2007.05.16"]
[Round "?"]
[White "Amador, Gabriel"]
[Black "Larson, John"]
[Result "0-1"]
[WhiteElo "1123"]
[BlackElo "1125"]
[PlyCount "56"]
[EventDate "2007.??.??"]
[EventType "match (corr)"]
[EventRounds "2"]
[SourceTitle "Corr 2011"]
[Source "ChessBase"]
[SourceDate "2010.08.31"]
[SourceVersion "1"]
[SourceVersionDate "2010.08.31"]
[SourceQuality "1"]
[WhiteTeam "US of America"]
[BlackTeam "South Africa"]
[WhiteTeamCountry "USA"]
[BlackTeamCountry "RSA"]

1. d4 Nf6 2. c4 e6 3. Nc3 Bb4 4. Bd2 0-0 5. e3 b6 6. Nge2 d5 7. Rc1 dxc4 8. a3 Bd6 9. Nb5 Be7 10. Ng3 Ba6 11. a4 c6 12. Nc3 b5 13. axb5 cxb5 14. b3 Qc7 15. bxc4 bxc4 16. Qa4 Bb7 17. f3 Nbd7 18. Qxc4 Qxc4 19. Bxc4 Rfc8 20. Bd3 Bb4 21. 0-0 Rc6 22. Nce4 Bxd2 23. Nxd2 Rac8 24. Rxc6 Rxc6 25. Nde4 Rb6 26. Rc1 Nd5 27. Kf2 Rb3 28. Rd1 f5 0-1

[Event "IECC CL6-2007.04 email"]
[Site "IECC email"]
[Date "2007.03.26"]
[Round "?"]
[White "Amador, Gabriel"]
[Black "Stearns, Ron"]
[Result "0-1"]
[WhiteElo "1149"]
[BlackElo "1212"]
[PlyCount "66"]
[EventDate "2007.??.??"]
[EventType "tourn (corr)"]
[EventRounds "4"]
[SourceTitle "Corr 2011"]
[Source "ChessBase"]
[SourceDate "2010.08.31"]
[SourceVersion "1"]
[SourceVersionDate "2010.08.31"]
[SourceQuality "1"]
[WhiteTeam "Italy"]
[BlackTeam "Chile"]
[WhiteTeamCountry "ITA"]
[BlackTeamCountry "CHI"]

1. d4 Nf6 2. c4 g6 3. Nc3 Bg7 4. e4 d6 5. Nf3 0-0 6. Be2 e5 7. d5 Na6 8. 0-0 Nc5 9. Qc2 a5 10. Be3 Ng4 11. Bg5 f6 12. Bd2 f5 13. Bd3 f4 14. a3 h5 15. h3 Nh6 16. Be2 g5 17. Nh2 g4 18. hxg4 Bxg4 19. Bxg4 Nxg4 20. Nxg4 hxg4 21. g3 Bh6 22. Kh2 Qg5 23. Rh1 Kg7 24. Kg1 Rh8 25. Ne2 Qf6 26. gxf4 Bxf4 27. Nxf4 Rxh1+ 28. Kxh1 Rh8+ 29. Kg2 Qh4 30. Rg1 exf4 31. Kf1 Qh3+ 32. Ke1 Nd3+ 33. Kd1 Qf3# 0-1

[Event "IECC CL6-2007.04 email"]
[Site "IECC email"]
[Date "2007.03.26"]
[Round "?"]
[White "Kelbl, Jiri"]
[Black "Amador, Gabriel"]
[Result "1/2-1/2"]
[WhiteElo "1375"]
[BlackElo "1245"]
[PlyCount "53"]
[EventDate "2007.??.??"]
[EventType "tourn (corr)"]
[EventRounds "4"]
[SourceTitle "Corr 2008"]
[Source "ChessBase"]
[SourceDate "2008.06.24"]
[SourceVersion "1"]
[SourceVersionDate "2008.06.24"]
[SourceQuality "1"]
[WhiteTeam "Czech Republic"]
[BlackTeam "Nicaragua"]
[WhiteTeamCountry "CZE"]
[BlackTeamCountry "NCA"]

1. e4 e5 2. Bc4 Nf6 3. d3 Bc5 4. Nc3 0-0 5. f4 exf4 6. Bxf4 Nc6 7. Qd2 d6 8. Nf3 Be6 9. Bxe6 fxe6 10. Na4 Bb4 11. c3 Ba5 12. b4 Bb6 13. Nxb6 axb6 14. 0-0 Ne7 15. Rfe1 e5 16. Bg3 c5 17. a3 Qd7 18. Qc2 Nh5 19. Bf2 Nf4 20. d4 exd4 21. cxd4 Nh3+ 22. Kh1 Nxf2+ 23. Qxf2 Rac8 24. Qe3 Kh8 25. Red1 Qb5 26. Rdb1 Qd7 27. Rd1 1/2-1/2